000 00315nam a2200121Ia 4500
005 20251222141806.0
008 251222s9999||||xx |||||||||||||| ||spa||
020 _a84-7490-135-9
082 _a922.2/S74
100 _a"Balthasar, Hans Urs von"
245 0 _aAdrienne von Speyr: Vida y misión teológica
942 _cLIB
999 _c6299
_d6299